|
|
|
|
| LEADER |
02520nam a2200697 a 4500 |
| 001 |
nkc20061690791 |
| 003 |
CZ PrNK |
| 005 |
20070223124906.0 |
| 007 |
ta |
| 008 |
060927s2006 xr e f 000 1 cze |
| 015 |
|
|
|a cnb001690791
|
| 020 |
|
|
|a 80-86949-08-7
|q (brož.) :
|c Kč 127,00
|
| 035 |
|
|
|a (OCoLC)124088745
|
| 040 |
|
|
|a OLA001
|b cze
|d BOA001
|d ABA001
|
| 041 |
1 |
|
|a cze
|h eng
|
| 045 |
|
|
|a h-i-
|
| 072 |
|
7 |
|a 27-5
|x Liturgie. Křesťanské umění a symbolika. Duchovní život
|2 Konspekt
|9 5
|
| 080 |
|
|
|a 2-312.6-584.5
|2 MRF
|
| 080 |
|
|
|a 27-584.5
|2 MRF
|
| 080 |
|
|
|a 27-584.7
|2 MRF
|
| 080 |
|
|
|a 27-184
|2 MRF
|
| 080 |
|
|
|a 27-587
|2 MRF
|
| 080 |
|
|
|a 27-587-051
|2 MRF
|
| 080 |
|
|
|a 27-788-35
|2 MRF
|
| 080 |
|
|
|a (035)
|2 MRF
|
| 080 |
|
|
|a (0:82-84)
|2 MRF
|
| 080 |
|
|
|a (0:82-97)
|2 MRF
|
| 100 |
1 |
|
|a Mundy, Linus
|7 xx0022146
|4 aut
|
| 245 |
1 |
0 |
|a Žízeň po království Božím :
|b duchovní obnova s mystiky pouště /
|c Linus Mundy ; [překlad Pavla Umlaufová]
|
| 250 |
|
|
|a 1. vyd.
|
| 260 |
|
|
|a Praha :
|b Paulínky,
|c 2006
|
| 300 |
|
|
|a 111 s. ;
|c 19 cm
|
| 500 |
|
|
|a Přeloženo z angličtiny
|
| 504 |
|
|
|a Obsahuje bibliografické odkazy
|
| 648 |
|
7 |
|a 4.-5. století
|7 ch757151
|2 czenas
|
| 650 |
0 |
7 |
|a vnitřní konverze (náboženství)
|7 ph127150
|2 czenas
|
| 650 |
0 |
7 |
|a duchovní cesta
|7 ph119626
|2 czenas
|
| 650 |
0 |
7 |
|a duchovní cvičení
|7 ph114371
|2 czenas
|
| 650 |
0 |
7 |
|a Bůh a člověk
|7 ph116953
|2 czenas
|
| 650 |
0 |
7 |
|a křesťanská mystika
|7 ph138503
|y 4.-5. století
|2 czenas
|
| 650 |
0 |
7 |
|a křesťanští mystici
|7 ph115081
|y 4.-5. století
|2 czenas
|
| 650 |
0 |
7 |
|a poustevníci
|7 ph124438
|y 4.-5. století
|2 czenas
|
| 650 |
0 |
9 |
|a interior conversion
|2 eczenas
|
| 650 |
0 |
9 |
|a spiritual path
|2 eczenas
|
| 650 |
0 |
9 |
|a spiritual exercises
|2 eczenas
|
| 650 |
0 |
9 |
|a relations between God and man
|2 eczenas
|
| 650 |
0 |
9 |
|a Christian mysticism
|y 4th-5th centuries
|2 eczenas
|
| 650 |
0 |
9 |
|a Christian mystics
|y 4th-5th centuries
|2 eczenas
|
| 650 |
0 |
9 |
|a hermits
|y 4th-5th centuries
|2 eczenas
|
| 655 |
|
7 |
|a příručky
|7 fd133209
|2 czenas
|
| 655 |
|
7 |
|a citáty
|7 fd131832
|2 czenas
|
| 655 |
|
7 |
|a modlitby
|7 fd132841
|2 czenas
|
| 655 |
|
9 |
|a handbooks and manuals
|2 eczenas
|
| 655 |
|
9 |
|a quotations
|2 eczenas
|
| 655 |
|
9 |
|a prayers
|2 eczenas
|
| 765 |
0 |
|
|t Desert mystics - thirsting for the reign of God
|9 Česky
|
| 910 |
2 |
|
|a BOA001
|b 1-1174.782
|
| 990 |
|
|
|a BK
|
| 995 |
|
|
|a 01
|
| 991 |
|
|
|b 200610
|c NOV
|
| 996 |
6 |
|
|b 2610290749
|c 1-1174.782
|l MZK
|r Sklad / do 1 hodiny
|n 1
|p p.v.
|w 000827274
|u 000010
|a 1
|e BOA001
|j MZK50
|s P
|